书目信息 |
| 题名: |
建筑工程安全技术与管理
|
|
| 作者: | 李林 , 郝会娟 主编 | |
| 分册: | ||
| 出版信息: | 北京 机械工业出版社 2021.06 |
|
| 页数: | 375页 | |
| 开本: | 26cm | |
| 丛书名: | ||
| 单 册: | ||
| 中图分类: | TU714 | |
| 科图分类: | ||
| 主题词: | 建筑工程--jian zhu gong cheng--安全技术--职业教育--教材 | |
| 电子资源: | ||
| ISBN: | 978-7-111-68001-7 | |
| 000 | 01120nam0 2200289 450 | |
| 001 | CAL 0120217217205 | |
| 005 | 20210817102925.4 | |
| 010 | @a978-7-111-68001-7@dCNY59.90 | |
| 100 | @a20210816d2021 em y0chiy0120 ea | |
| 101 | 0 | @achi |
| 102 | @aCN@b110000 | |
| 105 | @aak a 000yy | |
| 106 | @ar | |
| 200 | 1 | @a建筑工程安全技术与管理@Ajian zhu gong cheng an quan ji shu yu guan li@f主编李林, 郝会娟 |
| 205 | @a第3版 | |
| 210 | @a北京@c机械工业出版社@d2021.06 | |
| 215 | @a375页@c图@d26cm | |
| 320 | @a有书目 | |
| 330 | @a本书为高职高专建设工程行业建筑工程技术专业的学习教材。全书共分十二个单元, 主要介绍建筑土方工程、脚手架工程、高处作业、施工用电、起重吊装、垂直运输机械、拆除工程、建筑机械、施工现场防火、焊接工程、职业卫生和建筑工程安全生产管理等涉及建筑工程安全技术与管理的知识。 | |
| 333 | @a“十二五”职业教育国家规划教材修订版 | |
| 606 | 0 | @a建筑工程@Ajian zhu gong cheng@x安全技术@x职业教育@j教材 |
| 690 | @aTU714@v5 | |
| 701 | 0 | @a李林@Ali lin@4主编 |
| 701 | 0 | @a郝会娟@Ahao hui juan@4主编 |
| 801 | 0 | @aCN@b人天书店@c20210816 |
| 803 | @a职业教育 | |
| 905 | @aTSG@b0000533@dTU714@eL205@f2 | |
| 建筑工程安全技术与管理/主编李林, 郝会娟.-第3版.-北京:机械工业出版社,2021.06 |
| 375页:图;26cm |
| 使用对象:“十二五”职业教育国家规划教材修订版 |
| ISBN 978-7-111-68001-7:CNY59.90 |
| 本书为高职高专建设工程行业建筑工程技术专业的学习教材。全书共分十二个单元, 主要介绍建筑土方工程、脚手架工程、高处作业、施工用电、起重吊装、垂直运输机械、拆除工程、建筑机械、施工现场防火、焊接工程、职业卫生和建筑工程安全生产管理等涉及建筑工程安全技术与管理的知识。 |
| ● |
| 相关链接 |
|
|
|
正题名:建筑工程安全技术与管理
索取号:TU714/L205
 
预约/预借
| 序号 | 登录号 | 条形码 | 馆藏地/架位号 | 状态 | 备注 |
| 1 | 1536834 | 215368340 | 建筑库201/201建筑库 25排4列3层/ [索取号:TU714/L205] | 在馆 | |
| 2 | 1536835 | 215368359 | 建筑库201/201建筑库 25排4列3层/ [索取号:TU714/L205] | 在馆 |